000 00585nam a22002177a 4500
003 UA-OsUOA
001 64347
007 ta
008 20091103b un ||||| |||| 00| 0 ukr d
090 _a514.116
_bТ67
942 _cBK
040 _aUA-OsUOA
_brus
_cUA-OsUOA
_dUA-OsUOA
245 _aТригонометрия
_bДополнительный материал к курсу геометрии 9, 10 классов
300 _a78 с.
955 _a2
041 _arus
080 _a514.116
260 _aМ.
_c1968
650 7 _a514 Геометрія
_2UDC
999 _c350814
_d350814